000 01791nam a2200373 a 4500
001 ebr10476693
003 CaPaEBR
006 m u
007 cr cn|||||||||
008 000830s2000 nyu sb 000 0 eng d
010 _z 00011035
020 _z1892941589 (alk. paper)
020 _z9781892941589
020 _z9781892941275 (e-book)
040 _aCaPaEBR
_cCaPaEBR
035 _a(OCoLC)50590451
043 _an-us---
050 1 4 _aHV6529
_b.S34 2000eb
082 0 4 _a364.15/23/0820973
_221
100 1 _aSchurman-Kauflin, Deborah.
245 1 4 _aThe new predator, women who kill
_h[electronic resource] :
_bprofiles of female serial killers /
_cDeborah Schurman-Kauflin.
246 3 0 _aProfiles of female serial killers
260 _aNew York :
_bAlgora Pub.,
_c2000.
300 _a235 p.
504 _aIncludes bibliographical references (p. 223-234).
505 0 _aMurder -- Murder theories : how could they do it? -- Female multiple murderers : up close and personal -- The process of maturation -- From fantasy to reality -- The sadistic female multiple murderer -- Behavior patterns -- Profiling -- Tornado effect -- Interviewing multiple murderers -- Conclusion and future of profiling.
533 _aElectronic reproduction.
_bPalo Alto, Calif. :
_cebrary,
_d2013.
_nAvailable via World Wide Web.
_nAccess may be limited to ebrary affiliated libraries.
650 0 _aWomen serial murderers
_zUnited States
_xPsychology.
650 0 _aCriminal behavior
_xResearch
_xMethodology.
650 0 _aCriminal methods
_xResearch
_xMethodology
_vCase studies.
655 7 _aElectronic books.
_2local
710 2 _aebrary, Inc.
856 4 0 _uhttp://site.ebrary.com/lib/rucke/Doc?id=10476693
_zAn electronic book accessible through the World Wide Web; click to view
999 _c217656
_d217656